00406cam a2200157ua 45000010005000000080039000050400009000440820015000531000029000682450048000972500009001452600043001543000017001976530013002146530021002272424110816n ii |||gr||||Z||||||asm cMAIN a398.0541621 aNeog, Maheswar,eAuthor.1 aAsamar sanskritik aitijyacby Maheswer Neog a2nd. aDibrugarh:bKaustubh Prakashan,c2009. a299p:c23cm. afolklore aAssamese culture